Econometrics (Record no. 1303662)

MARC details
000 -LEADER
fixed length control field 00506nam a2200193Ia 4500
005 - DATE AND TIME OF LATEST TRANSACTION
control field 20250326144428.0
008 - FIXED-LENGTH DATA ELEMENTS--GENERAL INFORMATION
fixed length control field 250326s9999 xx 000 0 und d
037 ## - SOURCE OF ACQUISITION
Stock number Textbook
040 ## - CATALOGING SOURCE
Original cataloging agency FMSL
Language of cataloging eng
Transcribing agency FMSL
041 ## - LANGUAGE CODE
Language code of text/sound track or separate title eng
Source of code eng
084 ## - COLON CLASSIFICATION NUMBER
Classification number Xob28 P9
Assigning agency FMSL
100 ## - MAIN ENTRY--PERSONAL NAME
Personal name Wooldridge J M
9 (RLIN) 749637
245 #0 - TITLE STATEMENT
Title Econometrics
Statement of responsibility, etc. Wooldridge J M
260 ## - PUBLICATION, DISTRIBUTION, ETC.
Place of publication, distribution, etc. US
Name of publisher, distributor, etc. US, Cengage Learning
Date of publication, distribution, etc. 2009
365 ## - TRADE PRICE
Price amount 433
650 ## - SUBJECT ADDED ENTRY--TOPICAL TERM
Topical term or geographic name entry element Economics
942 ## - ADDED ENTRY ELEMENTS (KOHA)
Koha item type Textbook
Classification part Xob28 P9
Holdings
Withdrawn status Lost status Damaged status Not for loan Home library Current library Date acquired Source of acquisition Cost, normal purchase price Total Checkouts Full call number Barcode Date last seen Price effective from Koha item type
        Faculty of Management Library Faculty of Management Library 2025-03-26 Index International 433.00   Xob28 P9 ML1488274 2025-03-26 2025-03-26 Textbook
Copyright @ Delhi University Library System